|
|
|
|
| LEADER |
00000nam0a2200000 4500 |
| 001 |
314602 |
| 005 |
20231102002708.0 |
| 035 |
|
|
|a (RuTPU)RU\TPU\book\340024
|
| 090 |
|
|
|a 314602
|
| 100 |
|
|
|a 20160217d1912 e y0rusy50 ca
|
| 101 |
0 |
|
|a rus
|
| 102 |
|
|
|a RU
|
| 105 |
|
|
|a y j 000zy
|
| 200 |
1 |
|
|a Сборник алгебраических задач. Ч. 2
|e для классов 5-го, 6-го, 7-го и 8-го гимназий и соответствующих классов других учебных заведений
|f Н. А. Шапошников, Н. К. Вальцов
|
| 205 |
|
|
|a 18-е изд.
|
| 210 |
|
|
|a Москва
|c Типография Императорского Московского Университета
|c Издание книжного магазина В. В. Думнова под фирмою "Наследники братьев Салаевых"
|d 1912
|
| 215 |
|
|
|a 191 с.
|
| 300 |
|
|
|a Текст в русской дореформенной орфографии
|
| 316 |
|
|
|5 63413507: М-132786
|a Карандашные пометы
|
| 317 |
|
|
|5 63413507: М-132786
|a Поступил в НТБ в 1970 г. в составе книжного собрания профессора ТПИ И. Н. Бутакова
|
| 606 |
1 |
|
|a Алгебра
|2 stltpush
|3 (RuTPU)RU\TPU\subj\1723
|9 30429
|
| 610 |
1 |
|
|a математика
|
| 610 |
1 |
|
|a задачи
|
| 610 |
1 |
|
|a учебные пособия
|
| 610 |
1 |
|
|a Библиотека И. Н. Бутакова
|
| 675 |
|
|
|a 512(076)
|v 4
|
| 700 |
|
1 |
|a Шапошников
|b Н. А.
|c российский математик, педагог
|f 1851-1920
|g Николай Александрович
|2 stltpush
|3 (RuTPU)RU\TPU\pers\19596
|9 7551
|
| 701 |
|
1 |
|a Вальцов
|b Н. К.
|g Николай Константинович
|
| 801 |
|
1 |
|a RU
|b 63413507
|c 20160217
|
| 801 |
|
2 |
|a RU
|b 63413507
|c 20210727
|g RCR
|
| 942 |
|
|
|c BK
|